| 000 | 00597cam a22002053a 4500 | ||
|---|---|---|---|
| 001 | 44643 | ||
| 003 | PGUSA | ||
| 005 | 20140828084023.0 | ||
| 008 | 140111s2014||||xxu|||||s|||||000 | eng d | ||
| 040 |
_aPGUSA _beng |
||
| 042 | _adc | ||
| 245 | 1 | 4 |
_aThe Funny Bone : _bShort Stories and Amusing Anecdotes for a Dull Hour _h[electronic resource] |
| 260 |
_bProject Gutenberg, _c2014 |
||
| 506 | _aPublic domain in the USA. | ||
| 516 | _aElectronic text | ||
| 700 | 1 | _aKieffer, Henry Martyn | |
| 830 | 0 |
_aProject Gutenberg _v44643 |
|
| 856 | 4 | 0 | _uhttp://www.gutenberg.org/ebooks/44643 |
| 942 | _cEB | ||
| 999 |
_c273894 _d273894 |
||